Trading options as a professional : (Record no. 18698)
[ view plain ]
| 000 -LEADER | |
|---|---|
| fixed length control field | 01240cam a22003254a 4500 |
| 001 - CONTROL NUMBER | |
| control field | 15839190 |
| 005 - DATE AND TIME OF LATEST TRANSACTION | |
| control field | 20141202110407.0 |
| 006 - FIXED-LENGTH DATA ELEMENTS--ADDITIONAL MATERIAL CHARACTERISTICS--GENERAL INFORMATION | |
| fixed length control field | m||||f ||z 00| 0 |
| 008 - FIXED-LENGTH DATA ELEMENTS--GENERAL INFORMATION | |
| fixed length control field | 090728t2009 xxuado fr 001 0 eng d |
| 010 ## - LIBRARY OF CONGRESS CONTROL NUMBER | |
| LC control number | 2009284641 |
| 020 ## - INTERNATIONAL STANDARD BOOK NUMBER | |
| International Standard Book Number | 9780071465069 (set : hbk.) |
| 020 ## - INTERNATIONAL STANDARD BOOK NUMBER | |
| International Standard Book Number | 0071465065 (set : hbk.) |
| 020 ## - INTERNATIONAL STANDARD BOOK NUMBER | |
| International Standard Book Number | 9780071465052 (hbk.) |
| 020 ## - INTERNATIONAL STANDARD BOOK NUMBER | |
| International Standard Book Number | 0071465057 (hbk.) |
| 040 ## - CATALOGING SOURCE | |
| Original cataloging agency | UKM |
| Transcribing agency | UKM |
| Modifying agency | BTCTA |
| -- | BAKER |
| -- | YDXCP |
| -- | OCLCQ |
| -- | VP@ |
| -- | DLC |
| -- | EG-ScBUE |
| 082 00 - DEWEY DECIMAL CLASSIFICATION NUMBER | |
| Classification number | 332.632283 |
| Edition number | 22 |
| Item number | BIT |
| 100 1# - MAIN ENTRY--PERSONAL NAME | |
| Personal name | Bittman, James B. |
| 9 (RLIN) | 36742 |
| 245 10 - TITLE STATEMENT | |
| Title | Trading options as a professional : |
| Remainder of title | techniques for market makers and experienced traders / |
| Statement of responsibility, etc | James B. Bittman. |
| 260 ## - PUBLICATION, DISTRIBUTION, ETC. (IMPRINT) | |
| Place of publication, distribution, etc | New York, United States : |
| Name of publisher, distributor, etc | McGraw-Hill, |
| Date of publication, distribution, etc | c.2009. |
| 300 ## - PHYSICAL DESCRIPTION | |
| Extent | xx, 356 p. : |
| Other physical details | charts, photographs, tables ; |
| Dimensions | 24 cm. + |
| Accompanying material | CD-ROM (4 3/4 in.) |
| 490 1# - Series Statement | |
| Series statement | McGraw-Hill finance & investing |
| 500 ## - GENERAL NOTE | |
| General note | Series statement from jacket. |
| 500 ## - GENERAL NOTE | |
| General note | Index : p. 345-356. |
| 538 ## - SYSTEM DETAILS NOTE | |
| System details note | System requirements for accompanying computer disc: Op-Eval Pro, Windows XP or Windows Vista. |
| 650 #0 - SUBJECT ADDED ENTRY--TOPICAL TERM | |
| Topical term or geographic name as entry element | Options (Finance) |
| 9 (RLIN) | 34937 |
| 653 ## - INDEX TERM--UNCONTROLLED | |
| Resource For college | BAEPS, Business Administration |
| Arrived date list | December2014 |
| 655 ## - INDEX TERM--GENRE/FORM | |
| Form subdivision | |
| -- | 34232 |
| 830 #0 - SERIES ADDED ENTRY--UNIFORM TITLE | |
| Uniform title | McGraw-Hill finance & investing |
| 942 ## - ADDED ENTRY ELEMENTS (KOHA) | |
| Source of classification or shelving scheme | Dewey Decimal Classification |
| Call number prefix | 332.632283 BIT |
| Withdrawn status | Item status | Source of classification or shelving scheme | Damaged status | Not for loan | Vendor | Home library | Current library | Shelving location | Date acquired | Source of acquisition | Cost, normal purchase price | Serial Enumeration / chronology | Total Checkouts | Full call number | Barcode | Date last seen | Cost, replacement price | Koha item type |
|---|---|---|---|---|---|---|---|---|---|---|---|---|---|---|---|---|---|---|
| Dewey Decimal Classification | Baccah | Central Library | Central Library | First floor | 02/12/2014 | 314.00 | 20677 | 332.632283 BIT | 000037079 | 15/07/2025 | 392.50 | Book - Borrowing | ||||||
| Dewey Decimal Classification | Baccah | Central Library | Central Library | First floor | 02/12/2014 | 314.00 | 20677 | 332.632283 BIT | 000037081 | 24/08/2022 | 392.50 | CD | DVD - With book |